000
00376cam a2200169ua 4500
020
_c
1.00
041
_a
hin
_h
082
_a
891.43
_b
THA/GA
100
_a
Thankur, Raybhadan Singh .
245
_a
Gandhiji hi suktriyan
260
_a
:
_b
Hindi Prakati Buvasi ,
_c
1960.
300
_a
146 ; .
365
_a
1.00
504
_a
942
_c
BK
999
_c
3418
_d
3418